Normal view
MARC view
- تأيف جامعة الزرقاء الاهلية، م.مشارك جمعية المترجمين الأردنيين؛ تحرير سليمان العباس
Entry Personal Name
001 - CONTROL NUMBER
- control field: 48484
003 - CONTROL NUMBER IDENTIFIER
- control field: JO-AjAnu
005 - DATE AND TIME OF LATEST TRANSACTION
- control field: 20230606082009.0
008 - FIXED-LENGTH DATA ELEMENTS
- fixed length control field: 230606|| aca||aabn | a|a d
040 ## - CATALOGING SOURCE
- Original cataloging agency: JO-AjAnu
- Transcribing agency: JO-AjAnu
100 ## - HEADING--PERSONAL NAME
- Personal name: تأيف جامعة الزرقاء الاهلية، م.مشارك جمعية المترجمين الأردنيين؛ تحرير سليمان العباس
670 ## - SOURCE DATA FOUND
- Source citation: Work cat.: (JO-AjAnu)24804: تأيف جامعة الزرقاء الاهلية، م.مشارك جمعية المترجمين الأردنيين؛ تحرير سليمان العباس, author, الترجمة نافذتنا على العالم: جامعة الزرقاء الأهلية كلية الاداب بحوث المؤتمر الثالث كلية الآداب